| 000 | 00394pab a2200145 454500 | ||
|---|---|---|---|
| 008 | 180718b1998 xxu||||| |||| 00| 0 eng d | ||
| 100 | _aAnechiarico, Frank | ||
| 245 | _aAdministrative culture and civil society: a comparative perspective | ||
| 260 | _c1998 | ||
| 300 | _ap.13-34 | ||
| 362 | _aMar | ||
| 650 | _aPublic administration | ||
| 773 | _aAdministration and Society | ||
| 909 | _a37699 | ||
| 999 |
_c37699 _d37699 |
||